Detalles MARC
| 000 -LÍDER |
| Campo fijo de descripción fija |
02078nam a22003374i 4500 |
| 001 - NÚMERO DE CONTROL |
| Campo de control |
Rebiun06967094 |
| 003 - IDENTIFICADOR DEL NÚMERO DE CONTROL |
| Campo de control |
CO-MdFUSB |
| 005 - FECHA Y HORA DE LA ULTIMA TRANSACCIÓN |
| control field |
20180814095830.0 |
| 008 - ELEMENTOS DE LONGITUD FIJA -- INFORMACIÓN GENERAL |
| Campo fijo de descripción fija -- Información general |
100101s1981 sp 000 spa|c |
| 020 ## - NÚMERO INTERNACIONAL NORMALIZADO PARA LIBROS |
| Número Internacional Normalizado del libro |
8429306021 |
| 040 ## - FUENTE DE CATALOGACIÓN |
| Agencia de catalogación original |
CO-MdFUSB |
| Idioma de catalogación |
spa |
| Agencia que realiza la transcripción |
CO-MdFUSB |
| Agencia que realiza la modificación |
CO-MdFUSBC |
| Convenciones de la descripción |
rda |
| 041 0# - CÓDIGO DE IDIOMA |
| Código de idioma para texto/pista de sonido o título separado |
spa |
| 080 ## - UNIVERSAL DECIMAL CLASSIFICATION NUMBER |
| Universal Decimal Classification number |
223.9.07 |
| 082 ## - NÚMERO DE CLASIFICACIÓN DECIMAL DEWEY |
| Número de la edición del Dewey |
23 |
| Número de clasificación |
223.907 |
| Clave de autor-Numero de item |
C885 |
| 100 ## - ASIENTO PRINCIPAL--NOMBRE PERSONAL |
| Nombre personal |
Craghan, John F. |
| Término relacionador |
autor |
| 240 ## - TITULO UNIFORME |
| Título uniforme |
<a href="Old Testament Reading Guide : The Song of Song and The Book of Wisdom">Old Testament Reading Guide : The Song of Song and The Book of Wisdom</a> |
| 245 03 - TÍTULO |
| Título del Material |
El Cantar de los Cantares y el Libro de la Sabiduria |
| Mención de responsabilidad, etc. |
/ John F. Craghan ; traductor Juan Carlos Rodríguez Herranz |
| 264 #1 - PRODUCCIÓN, PUBLICACIÓN, DISTRIBUCIÓN, MANUFACTURA, Y COPYRIGHT |
| Lugar de producción, publicación, distribución, manufactura |
Santander, España : |
| Nombre del productor, publicador, distribuidor |
Editorial Sal Terrae, |
| Fecha de producción, publicación, distribución, manufactura, o copyright |
℗1981 |
| 264 #4 - PRODUCCIÓN, PUBLICACIÓN, DISTRIBUCIÓN, MANUFACTURA, Y COPYRIGHT |
| Fecha de producción, publicación, distribución, manufactura, o copyright |
©1981 |
| 300 ## - DESCRIPCIÓN FÍSICA |
| Extensión |
205 páginas ; |
| Dimensiones |
17 cm |
| 336 ## - TIPO DE CONTENIDO |
| Fuente |
rdacontent |
| Término de tipo de contenido |
texto |
| Código de tipo de contenido |
txt |
| 337 ## - TIPO DE MEDIO |
| Fuente |
rdamedia |
| Nombre del tipo de medio |
sin mediación |
| Código del tipo de medio |
n |
| 338 ## - TIPO DE SOPORTE |
| Fuente |
rdacarrier |
| Nombre del tipo de soporte |
volumen |
| Código Tipo de soporte |
nc |
| 490 1# - MENCIÓN DE SERIE |
| Mención de serie |
Conoce la biblia : Antiguo Testamento. |
| 505 ## - NOTA DE CONTENIDO |
| Nota de contenido con formato preestablecido |
Introducción -- Texto y comentario -- Título (1,1) -- Sección primera (1,2-6) -- Sección segunda (19,7 - 2,7) -- Sección tercera (2,8-17) -- Sección cuarta (3,1-11) --Sección quinta (4,1 - 5,1) --Sección sexta (5,2 - 6,3) Sección séptima (6,4 - 12) Sección octava (7,1 - 8,4) Sección novena (8,5-14) -- Introducción -- Texto y comentario -- La inmortalidad como premio de la sabiduría (1,1 - 6,21) -- Naturaleza de la sabiduría y plegaria de Salomón (6,22 - 9,18) -- La plegaria de Salomón (9,1-18) -- La sabiduría salva a sus seguidores (10,1 - 11,1) -- Especial providencia de Dios durante el Éxodo (11,2 -19-22) -- Conclusión (19,22). |
| Título |
El cantar de los cantares. -- |
| -- |
El libro de la sabiduría. -- |
| -- |
Texto del Leccionario. -- |
| -- |
Ayuda para el estudio y temas de discusión del cantar de los cantares. -- |
| -- |
Ayudas para el estudio y temas de discusión del libro de la sabiduría. -- |
| -- |
Abreviaturas. |
| 630 07 - TITULO UNIFORME |
| Título uniforme |
Biblia. |
| Nombre de parte o sección de la obra |
Cantares |
| 630 07 - TITULO UNIFORME |
| Título uniforme |
Biblia. |
| Nombre de parte o sección de la obra |
Libros Poéticos |
| 700 0# - ASIENTO SECUNDARIO - NOMBRE PERSONAL |
| Nombre personal |
Rodríguez Herranz, Juan Carlos |
| Responsabilidad |
traductor |
| 830 ## - PUNTO DE ACCESO ADICIONAL DE SERIE - TÍTULO UNIFORME |
| Título uniforme |
Conoce la Biblia : Antiguo Testamento |
| Designación de volumen o secuencia |
No. 29 |
| 942 ## - TIPO DE MATERIAL (KOHA) |
| Tipo de Item KOHA |
Libros General |